| 000 | 00433pab a2200157 454500 | ||
|---|---|---|---|
| 008 | 180718b2011 xxu||||| |||| 00| 0 eng d | ||
| 100 | _aRao, K.P.C. | ||
| 245 | _aHow effects are we in tacking insiders trading its impact on financial markets behaviour-an overview. | ||
| 260 | _c2011 | ||
| 300 | _aP.926-933. | ||
| 362 | _aOct | ||
| 650 | _aFinancial markets | ||
| 773 | _aManagement Accountant | ||
| 908 | _aN | ||
| 909 | _a94865 | ||
| 999 |
_c94865 _d94865 |
||